Statistics for Novak Djokovic Multiple Choice Quiz

Click here to take the quiz!

General Stats

  • This quiz has been taken 65 times
    (52 since last reset)
  • The average score is 10 of 15

Answer Stats

QuestionAnswer% Correct
What Grand Slam was Djokovic's first?Australian Open
91%
What is Djokovic's wife's name?Jelena Djokovic
85%
How many Grand Slams has Djokovic won?17
78%
How many French Opens has Djokovic won?1
78%
What year did Djokovic win his first Grand Slam?2008
78%
What is the maximum Grand Slams has Djokovic won in a row?4
76%
How many Grand Slams did Djokovic win in 2011?3
74%
When was the first year Djokovic beat Federer?2007
65%
What round did Djokovic lose in the French Open 2019?Semi-Finals
63%
What was Djokovic's last final of a Grand Slam losing in?2016 US Open
61%
How many Grand Slams has Djokovic won in the last three years?5
57%
How many titles has Djokovic won?78
52%
What round did Djokovic lose in the Australian Open 20184th round
48%
What year did Djokovic turn pro?2003
48%
When did Djokovic win his first Year-End ATP Finals?2008
41%

Score Distribution

Percentile by Number Answered

Percent of People with Each Score

Your Score History

You have not taken this quiz since the last reset